[Event "Team Championship of Russia (rapid)"]
[Site "Sochi"]
[Date "2015.05.08"]
[Round "2.15"]
[White "Anikonov, Dmitry"]
[Black "Predke, Alexandr"]
[Result "0-1"]
[LiveChessVersion "1.4.4"]
[BlackElo "2566"]
[WhiteElo "2330"]
[BlackTeam "Zhiguli"]

1. d4 {[%clk 0:15:19]} Nf6 {[%clk 0:15:19]} 2. c4 {[%clk 0:15:28]} e6
{[%clk 0:15:28]} 3. Nc3 {[%clk 0:15:37]} Bb4 {[%clk 0:15:35]} 4. Qb3
{[%clk 0:15:45]} c5 {[%clk 0:15:41]} 5. dxc5 {[%clk 0:15:54]} Nc6
{[%clk 0:15:19]} 6. Nf3 {[%clk 0:16:00]} O-O {[%clk 0:15:20]} 7. Bg5
{[%clk 0:15:58]} Bxc5 {[%clk 0:14:39]} 8. e3 {[%clk 0:15:39]} h6 {[%clk 0:14:38]}
9. Bh4 {[%clk 0:15:11]} Be7 {[%clk 0:14:33]} 10. Be2 {[%clk 0:14:55]} Nh5
{[%clk 0:12:21]} 11. Bxe7 {[%clk 0:14:32]} Qxe7 {[%clk 0:12:29]} 12. O-O
{[%clk 0:14:19]} Nf6 {[%clk 0:12:08]} 13. Rfd1 {[%clk 0:14:21]} Rd8
{[%clk 0:11:49]} 14. Nd4 {[%clk 0:13:34]} b6 {[%clk 0:10:03]} 15. Ndb5
{[%clk 0:12:36]} Bb7 {[%clk 0:08:55]} 16. Nd6 {[%clk 0:11:44]} Na5
{[%clk 0:09:04]} 17. Qc2 {[%clk 0:11:31]} Bc6 {[%clk 0:09:13]} 18. e4
{[%clk 0:11:10]} Nb7 {[%clk 0:07:49]} 19. e5 {[%clk 0:09:51]} Ne8
{[%clk 0:07:58]} 20. Nxe8 {[%clk 0:07:51]} Rxe8 {[%clk 0:08:07]} 21. Ne4
{[%clk 0:07:22]} Red8 {[%clk 0:07:39]} 22. Qd3 {[%clk 0:06:42]} d5
{[%clk 0:05:54]} 23. exd6 {[%clk 0:06:15]} Qh4 {[%clk 0:06:02]} 24. Bf3
{[%clk 0:05:55]} Rac8 {[%clk 0:05:42]} 25. g3 {[%clk 0:05:34]} Qh3
{[%clk 0:05:51]} 26. Qa3 {[%clk 0:04:40]} Qf5 {[%clk 0:05:46]} 27. d7
{[%clk 0:04:12]} Rc7 {[%clk 0:05:14]} 28. Qe3 {[%clk 0:03:49]} Nc5
{[%clk 0:04:46]} 29. g4 {[%clk 0:01:12]} Qe5 {[%clk 0:04:55]} 30. Rd4
{[%clk 0:00:58]} Rcxd7 {[%clk 0:04:20]} 31. Nxc5 {[%clk 0:00:39]} Qxe3
{[%clk 0:04:09]} 32. fxe3 {[%clk 0:00:41]} Rxd4 {[%clk 0:04:18]} 33. Bxc6
{[%clk 0:00:49]} Rxc4 {[%clk 0:04:26]} 34. Nb7 {[%clk 0:00:58]} Rxg4+
{[%clk 0:04:11]} 35. Kh1 {[%clk 0:00:48]} Rd2 {[%clk 0:04:14]} 36. b3
{[%clk 0:00:49]} Rh4 {[%clk 0:03:08]} 37. Bg2 {[%clk 0:00:57]} Rh5
{[%clk 0:03:17]} 38. a4 {[%clk 0:00:36]} a5 {[%clk 0:03:17]} 39. Rc1
{[%clk 0:00:41]} Re5 {[%clk 0:03:18]} 40. e4 {[%clk 0:00:28]} Rd7
{[%clk 0:03:19]} 0-1

[Event "Team Championship of Russia (rapid)"]
[Site "Sochi"]
[Date "2015.05.08"]
[Round "2.16"]
[White "Yakovich, Yuri"]
[Black "Mikhel, Vladislav"]
[Result "1/2-1/2"]
[LiveChessVersion "1.4.4"]
[BlackElo "2334"]
[WhiteElo "2510"]
[WhiteTeam "Zhiguli"]

1. d4 {[%clk 0:15:19]} d5 {[%clk 0:15:18]} 2. c4 {[%clk 0:15:28]} e6
{[%clk 0:15:27]} 3. Nc3 {[%clk 0:15:36]} Nf6 {[%clk 0:15:36]} 4. cxd5
{[%clk 0:15:43]} exd5 {[%clk 0:15:45]} 5. Bg5 {[%clk 0:15:52]} Nbd7
{[%clk 0:15:53]} 6. e3 {[%clk 0:15:56]} Be7 {[%clk 0:16:01]} 7. Bd3
{[%clk 0:16:04]} c6 {[%clk 0:16:05]} 8. Nge2 {[%clk 0:16:09]} Nh5
{[%clk 0:16:09]} 9. Bxe7 {[%clk 0:16:15]} Qxe7 {[%clk 0:16:17]} 10. g4
{[%clk 0:16:22]} Nhf6 {[%clk 0:16:23]} 11. Ng3 {[%clk 0:16:31]} h6
{[%clk 0:13:44]} 12. Nf5 {[%clk 0:14:14]} Qb4 {[%clk 0:13:22]} 13. Nxg7+
{[%clk 0:13:33]} Kf8 {[%clk 0:13:30]} 14. a3 {[%clk 0:13:11]} Qb6
{[%clk 0:12:21]} 15. Nf5 {[%clk 0:13:05]} c5 {[%clk 0:11:36]} 16. Qe2
{[%clk 0:10:07]} c4 {[%clk 0:11:30]} 17. Bb1 {[%clk 0:10:14]} Nb8
{[%clk 0:09:46]} 18. h3 {[%clk 0:09:12]} Bxf5 {[%clk 0:09:34]} 19. Bxf5
{[%clk 0:09:16]} Nc6 {[%clk 0:09:41]} 20. O-O {[%clk 0:09:02]} Re8
{[%clk 0:09:33]} 21. Qf3 {[%clk 0:09:03]} Ne7 {[%clk 0:09:36]} 22. Rab1
{[%clk 0:09:03]} Rg8 {[%clk 0:09:22]} 23. Kh1 {[%clk 0:07:29]} Nxf5
{[%clk 0:08:40]} 24. Qxf5 {[%clk 0:07:27]} Qc6 {[%clk 0:08:29]} 25. b3
{[%clk 0:06:06]} Rg5 {[%clk 0:08:15]} 26. Qf3 {[%clk 0:05:21]} Ne4
{[%clk 0:06:53]} 27. Nxe4 {[%clk 0:05:19]} Rxe4 {[%clk 0:07:01]} 28. Rbc1
{[%clk 0:03:29]} h5 {[%clk 0:06:18]} 29. gxh5 {[%clk 0:03:05]} Qh6
{[%clk 0:05:25]} 30. Rg1 {[%clk 0:03:06]} Rxh5 {[%clk 0:05:33]} 31. Rg3
{[%clk 0:03:03]} Rxd4 {[%clk 0:05:27]} 32. bxc4 {[%clk 0:02:41]} Rxc4
{[%clk 0:05:13]} 33. Rcg1 {[%clk 0:02:17]} Rch4 {[%clk 0:05:05]} 34. Kh2
{[%clk 0:02:11]} Qd6 {[%clk 0:05:12]} 35. Kh1 {[%clk 0:02:01]} Qe6
{[%clk 0:05:19]} 36. Kh2 {[%clk 0:01:55]} Rf5 {[%clk 0:05:21]} 37. Qg2
{[%clk 0:01:37]} Qd6 {[%clk 0:05:01]} 38. Kh1 {[%clk 0:01:44]} Rfh5
{[%clk 0:05:08]} 39. Qf3 {[%clk 0:01:33]} Qe6 {[%clk 0:05:12]} 40. Kh2
{[%clk 0:01:41]} Qd6 {[%clk 0:05:03]} 41. Kh1 {[%clk 0:01:49]} Qe6
{[%clk 0:04:28]} 42. Kh2 {[%clk 0:01:58]} Rf5 {[%clk 0:04:13]} 43. Qg2
{[%clk 0:02:08]} Qd6 {[%clk 0:04:21]} 44. Kh1 {[%clk 0:02:02]} Rfh5
{[%clk 0:03:59]} 45. Qf3 {[%clk 0:02:08]} Qe6 {[%clk 0:04:08]} 46. Kh2
{[%clk 0:02:14]} 1/2-1/2

[Event "Team Championship of Russia (rapid)"]
[Site "Sochi"]
[Date "2015.05.08"]
[Round "2.17"]
[White "Korobov, Anton"]
[Black "Panarin, Mikhail"]
[Result "1-0"]
[LiveChessVersion "1.4.4"]
[BlackElo "2642"]
[WhiteElo "2660"]
[WhiteTeam "Siberia"]

1. d4 {[%clk 0:15:18]} Nf6 {[%clk 0:15:15]} 2. c4 {[%clk 0:15:27]} e6
{[%clk 0:15:23]} 3. Nf3 {[%clk 0:15:35]} Bb4+ {[%clk 0:15:16]} 4. Nbd2
{[%clk 0:15:42]} b6 {[%clk 0:15:25]} 5. a3 {[%clk 0:15:51]} Bxd2+
{[%clk 0:15:33]} 6. Qxd2 {[%clk 0:15:59]} Bb7 {[%clk 0:15:41]} 7. e3
{[%clk 0:16:07]} O-O {[%clk 0:15:37]} 8. b4 {[%clk 0:16:14]} d6 {[%clk 0:15:44]}
9. Bb2 {[%clk 0:16:20]} Nbd7 {[%clk 0:15:40]} 10. Be2 {[%clk 0:16:28]} Ne4
{[%clk 0:15:48]} 11. Qc2 {[%clk 0:16:36]} f5 {[%clk 0:15:56]} 12. O-O
{[%clk 0:16:42]} Rf6 {[%clk 0:16:05]} 13. d5 {[%clk 0:16:45]} Rh6
{[%clk 0:16:13]} 14. g3 {[%clk 0:16:47]} c5 {[%clk 0:16:22]} 15. dxc6
{[%clk 0:15:24]} Bxc6 {[%clk 0:16:30]} 16. a4 {[%clk 0:15:20]} a5
{[%clk 0:14:23]} 17. bxa5 {[%clk 0:15:26]} Rxa5 {[%clk 0:14:16]} 18. Rfb1
{[%clk 0:12:22]} Qa8 {[%clk 0:12:56]} 19. Qd1 {[%clk 0:10:13]} Bxa4
{[%clk 0:09:45]} 20. Qe1 {[%clk 0:10:31]} e5 {[%clk 0:09:01]} 21. Nh4
{[%clk 0:07:53]} Rf6 {[%clk 0:09:10]} 22. f3 {[%clk 0:07:40]} Nec5
{[%clk 0:09:05]} 23. Bc3 {[%clk 0:06:57]} Ra7 {[%clk 0:08:43]} 24. Ng2
{[%clk 0:05:02]} Bc6 {[%clk 0:08:09]} 25. Rxa7 {[%clk 0:05:11]} Qxa7
{[%clk 0:08:18]} 26. Qd2 {[%clk 0:05:20]} Qc7 {[%clk 0:07:48]} 27. Ne1
{[%clk 0:05:26]} Rf8 {[%clk 0:07:19]} 28. Rd1 {[%clk 0:05:13]} Nb7
{[%clk 0:07:27]} 29. Nc2 {[%clk 0:05:16]} Ndc5 {[%clk 0:05:21]} 30. Nb4
{[%clk 0:05:20]} Ra8 {[%clk 0:05:14]} 31. Nd5 {[%clk 0:04:50]} Bxd5
{[%clk 0:03:18]} 32. Qxd5+ {[%clk 0:04:59]} Qf7 {[%clk 0:03:26]} 33. Qc6
{[%clk 0:04:42]} Ra3 {[%clk 0:02:47]} 34. Bd2 {[%clk 0:04:52]} Ra6
{[%clk 0:02:26]} 35. f4 {[%clk 0:04:26]} exf4 {[%clk 0:01:59]} 36. Bf3
{[%clk 0:04:15]} Ne4 {[%clk 0:02:01]} 37. Qc8+ {[%clk 0:04:23]} 1-0

[Event "Team Championship of Russia (rapid)"]
[Site "Sochi"]
[Date "2015.05.08"]
[Round "2.18"]
[White "Bryzgalin, Kirill"]
[Black "Kokarev, Dmitry"]
[Result "1/2-1/2"]
[LiveChessVersion "1.4.4"]
[BlackElo "2608"]
[WhiteElo "2588"]
[BlackTeam "Siberia"]

1. c4 {[%clk 0:15:18]} g6 {[%clk 0:15:19]} 2. g3 {[%clk 0:15:25]} Bg7
{[%clk 0:15:26]} 3. Bg2 {[%clk 0:15:34]} c5 {[%clk 0:15:34]} 4. Nc3
{[%clk 0:15:41]} Nc6 {[%clk 0:15:42]} 5. Nf3 {[%clk 0:15:47]} e6 {[%clk 0:15:49]}
6. d4 {[%clk 0:15:52]} cxd4 {[%clk 0:15:54]} 7. Nb5 {[%clk 0:16:01]} d5
{[%clk 0:16:01]} 8. cxd5 {[%clk 0:16:05]} Qa5+ {[%clk 0:16:09]} 9. Qd2
{[%clk 0:16:12]} Qxb5 {[%clk 0:16:14]} 10. dxc6 {[%clk 0:16:20]} Qb6
{[%clk 0:16:23]} 11. O-O {[%clk 0:15:46]} Ne7 {[%clk 0:16:12]} 12. Nxd4
{[%clk 0:15:15]} bxc6 {[%clk 0:16:12]} 13. Nb3 {[%clk 0:14:52]} O-O
{[%clk 0:16:16]} 1/2-1/2

[Event "Team Championship of Russia (rapid)"]
[Site "Sochi"]
[Date "2015.05.08"]
[Round "2.19"]
[White "Bocharov, Dmitry"]
[Black "Lugovskoy, Maxim"]
[Result "1-0"]
[LiveChessVersion "1.4.4"]
[BlackElo "2445"]
[WhiteElo "2553"]
[WhiteTeam "Siberia"]

1. Nf3 {[%clk 0:13:40]} d5 {[%clk 0:15:19]} 2. g3 {[%clk 0:13:49]} Nf6
{[%clk 0:15:26]} 3. Bg2 {[%clk 0:13:57]} e6 {[%clk 0:15:35]} 4. O-O
{[%clk 0:14:04]} Be7 {[%clk 0:15:44]} 5. d3 {[%clk 0:14:13]} b6 {[%clk 0:15:52]}
6. Nbd2 {[%clk 0:14:01]} Bb7 {[%clk 0:16:01]} 7. e4 {[%clk 0:14:09]} c5
{[%clk 0:16:00]} 8. Qe2 {[%clk 0:14:17]} O-O {[%clk 0:16:03]} 9. Re1
{[%clk 0:14:22]} Nc6 {[%clk 0:16:09]} 10. Nf1 {[%clk 0:14:28]} dxe4
{[%clk 0:15:47]} 11. dxe4 {[%clk 0:14:36]} e5 {[%clk 0:15:56]} 12. c3
{[%clk 0:14:40]} Qc8 {[%clk 0:16:03]} 13. Nh4 {[%clk 0:14:39]} Ba6
{[%clk 0:15:49]} 14. Qf3 {[%clk 0:14:44]} Qg4 {[%clk 0:11:21]} 15. Qxg4
{[%clk 0:13:41]} Nxg4 {[%clk 0:11:30]} 16. Nf5 {[%clk 0:13:49]} Rad8
{[%clk 0:11:01]} 17. h3 {[%clk 0:13:55]} Nf6 {[%clk 0:11:09]} 18. N1e3
{[%clk 0:14:03]} Bd3 {[%clk 0:10:47]} 19. Nd5 {[%clk 0:12:58]} Rfe8
{[%clk 0:09:46]} 20. g4 {[%clk 0:09:37]} Bc4 {[%clk 0:07:59]} 21. Nc7
{[%clk 0:08:42]} Rf8 {[%clk 0:08:03]} 22. g5 {[%clk 0:08:34]} Ne8
{[%clk 0:07:40]} 23. Nd5 {[%clk 0:08:12]} Bd6 {[%clk 0:07:49]} 24. b3
{[%clk 0:07:07]} Ba6 {[%clk 0:07:46]} 25. Be3 {[%clk 0:07:06]} g6
{[%clk 0:07:28]} 26. Nxd6 {[%clk 0:06:49]} Nxd6 {[%clk 0:06:54]} 27. Rad1
{[%clk 0:06:49]} Kg7 {[%clk 0:07:02]} 28. Rd2 {[%clk 0:06:40]} Bc8
{[%clk 0:04:35]} 29. Red1 {[%clk 0:06:47]} Nb5 {[%clk 0:04:39]} 30. Bf1
{[%clk 0:05:09]} Nbd4 {[%clk 0:04:31]} 31. cxd4 {[%clk 0:04:54]} cxd4
{[%clk 0:04:21]} 32. Rc2 {[%clk 0:05:02]} Rxd5 {[%clk 0:03:18]} 33. exd5
{[%clk 0:04:43]} Nb4 {[%clk 0:03:27]} 34. Rc4 {[%clk 0:04:48]} Nxd5
{[%clk 0:03:35]} 35. Bd2 {[%clk 0:04:57]} Be6 {[%clk 0:03:28]} 36. Re1
{[%clk 0:04:54]} f6 {[%clk 0:03:24]} 37. Rc6 {[%clk 0:04:59]} Bf5
{[%clk 0:02:46]} 38. Bg2 {[%clk 0:05:03]} 1-0

[Event "Team Championship of Russia (rapid)"]
[Site "Sochi"]
[Date "2015.05.08"]
[Round "2.20"]
[White "Oganian, Miran"]
[Black "Maletin, Pavel"]
[Result "1/2-1/2"]
[LiveChessVersion "1.4.4"]
[BlackElo "2540"]
[WhiteElo "2433"]
[BlackTeam "Siberia"]

1. d4 {[%clk 0:15:17]} Nf6 {[%clk 0:15:15]} 2. c4 {[%clk 0:15:24]} e6
{[%clk 0:15:22]} 3. g3 {[%clk 0:15:32]} Bb4+ {[%clk 0:15:24]} 4. Bd2
{[%clk 0:15:41]} c5 {[%clk 0:15:33]} 5. Bxb4 {[%clk 0:15:36]} cxb4
{[%clk 0:15:41]} 6. Bg2 {[%clk 0:15:45]} O-O {[%clk 0:15:50]} 7. e4
{[%clk 0:15:54]} d6 {[%clk 0:15:59]} 8. Ne2 {[%clk 0:16:03]} e5 {[%clk 0:16:08]}
9. Qd2 {[%clk 0:16:02]} Qb6 {[%clk 0:16:12]} 10. O-O {[%clk 0:15:26]} Bg4
{[%clk 0:16:17]} 11. f3 {[%clk 0:14:43]} Be6 {[%clk 0:16:12]} 12. b3
{[%clk 0:14:32]} Nc6 {[%clk 0:16:09]} 13. Kh1 {[%clk 0:14:14]} exd4
{[%clk 0:14:26]} 14. Rd1 {[%clk 0:13:56]} d3 {[%clk 0:14:08]} 15. Qxd3
{[%clk 0:13:47]} Nd7 {[%clk 0:14:13]} 16. Nf4 {[%clk 0:12:58]} Nde5
{[%clk 0:14:09]} 17. Qd2 {[%clk 0:10:29]} Rad8 {[%clk 0:13:43]} 18. a3
{[%clk 0:09:02]} a5 {[%clk 0:13:16]} 19. axb4 {[%clk 0:07:21]} axb4
{[%clk 0:13:24]} 20. Qe2 {[%clk 0:06:52]} Qc5 {[%clk 0:13:04]} 21. Nxe6
{[%clk 0:03:53]} fxe6 {[%clk 0:13:12]} 22. f4 {[%clk 0:04:02]} Nd4
{[%clk 0:13:08]} 23. Qb2 {[%clk 0:04:08]} Nec6 {[%clk 0:12:30]} 24. Nd2
{[%clk 0:04:11]} e5 {[%clk 0:11:51]} 25. Rf1 {[%clk 0:03:30]} exf4
{[%clk 0:11:29]} 26. gxf4 {[%clk 0:03:15]} Ne2 {[%clk 0:11:34]} 27. e5
{[%clk 0:01:25]} Nxf4 {[%clk 0:11:31]} 28. exd6 {[%clk 0:01:34]} Qxd6
{[%clk 0:11:06]} 29. Ne4 {[%clk 0:01:27]} Qg6 {[%clk 0:11:13]} 30. Nc5
{[%clk 0:01:11]} Nd4 {[%clk 0:10:40]} 31. Nxb7 {[%clk 0:00:44]} Rd7
{[%clk 0:08:49]} 32. Nc5 {[%clk 0:00:52]} Rdf7 {[%clk 0:08:48]} 33. Be4
{[%clk 0:00:45]} Qd6 {[%clk 0:08:47]} 34. Rad1 {[%clk 0:00:36]} Qxc5
{[%clk 0:07:38]} 35. Qxd4 {[%clk 0:00:45]} Ne6 {[%clk 0:06:23]} 36. Qd3
{[%clk 0:00:54]} Nf4 {[%clk 0:05:11]} 37. Qd4 {[%clk 0:00:17]} Ne6
{[%clk 0:04:46]} 38. Qd3 {[%clk 0:00:26]} Nf4 {[%clk 0:04:53]} 1/2-1/2

[Event "Team Championship of Russia (rapid)"]
[Site "Sochi"]
[Date "2015.05.08"]
[Round "2.21"]
[White "Golubov, Saveliy"]
[Black "Glek, Igor"]
[Result "0-1"]
[LiveChessVersion "1.4.4"]
[BlackElo "2551"]
[WhiteElo "2440"]
[BlackTeam "Academy Glek"]
[WhiteTeam "SHK Rakita"]

1. e4 {[%clk 0:15:17]} e6 {[%clk 0:15:03]} 2. d4 {[%clk 0:15:26]} d5
{[%clk 0:15:13]} 3. Nc3 {[%clk 0:15:35]} Nf6 {[%clk 0:15:22]} 4. Bg5
{[%clk 0:15:39]} Bb4 {[%clk 0:15:31]} 5. Nge2 {[%clk 0:15:32]} h6
{[%clk 0:15:33]} 6. Bxf6 {[%clk 0:15:40]} Qxf6 {[%clk 0:15:42]} 7. a3
{[%clk 0:15:47]} Ba5 {[%clk 0:15:50]} 8. exd5 {[%clk 0:15:02]} O-O
{[%clk 0:15:51]} 9. Qd3 {[%clk 0:14:41]} Rd8 {[%clk 0:15:50]} 10. b4
{[%clk 0:13:57]} Bb6 {[%clk 0:15:59]} 11. Ne4 {[%clk 0:13:58]} Qe7
{[%clk 0:14:31]} 12. dxe6 {[%clk 0:13:02]} Bxe6 {[%clk 0:14:33]} 13. c3
{[%clk 0:11:06]} Nc6 {[%clk 0:13:16]} 14. Nd2 {[%clk 0:09:17]} Re8
{[%clk 0:10:36]} 15. Nc4 {[%clk 0:06:43]} Rad8 {[%clk 0:10:10]} 16. Ne3
{[%clk 0:05:52]} Qf6 {[%clk 0:07:03]} 17. Qe4 {[%clk 0:05:00]} a5
{[%clk 0:05:40]} 18. Qf4 {[%clk 0:04:14]} Qg6 {[%clk 0:05:17]} 19. Rc1
{[%clk 0:03:13]} axb4 {[%clk 0:05:17]} 20. axb4 {[%clk 0:03:23]} Bd5
{[%clk 0:01:28]} 21. Qg3 {[%clk 0:03:00]} Qf6 {[%clk 0:00:42]} 22. b5
{[%clk 0:01:20]} Nxd4 {[%clk 0:00:42]} 23. Nxd5 {[%clk 0:00:24]} Rxd5
{[%clk 0:00:44]} 24. cxd4 {[%clk 0:00:34]} Rxd4 {[%clk 0:00:48]} 25. Qc3
{[%clk 0:00:25]} Qd6 {[%clk 0:00:23]} 26. f3 {[%clk 0:00:11]} Rd3
{[%clk 0:00:29]} 27. Qc4 {[%clk 0:00:12]} Qa3 {[%clk 0:00:14]} 28. Rb1
{[%clk 0:00:11]} Qa5+ {[%clk 0:00:13]} 0-1

[Event "Team Championship of Russia (rapid)"]
[Site "Sochi"]
[Date "2015.05.08"]
[Round "2.22"]
[White "Sychev, Klementy"]
[Black "Ivanov, Alexander Al."]
[Result "0-1"]
[LiveChessVersion "1.4.4"]
[BlackElo "2407"]
[WhiteElo "2400"]
[BlackTeam "SHK Rakita"]
[WhiteTeam "Academy Glek"]

1. d4 {[%clk 0:15:05]} d6 {[%clk 0:15:18]} 2. Nf3 {[%clk 0:15:14]} f5
{[%clk 0:15:27]} 3. g3 {[%clk 0:15:21]} Nf6 {[%clk 0:15:36]} 4. Bg2
{[%clk 0:14:53]} g6 {[%clk 0:15:45]} 5. O-O {[%clk 0:15:02]} Bg7 {[%clk 0:15:54]}
6. c4 {[%clk 0:15:11]} O-O {[%clk 0:16:02]} 7. Nc3 {[%clk 0:15:21]} c6
{[%clk 0:16:12]} 8. Qb3 {[%clk 0:15:09]} Na6 {[%clk 0:16:12]} 9. Rd1
{[%clk 0:14:35]} Qb6 {[%clk 0:15:56]} 10. Qxb6 {[%clk 0:12:22]} axb6
{[%clk 0:16:05]} 11. Rb1 {[%clk 0:11:29]} Nc7 {[%clk 0:15:46]} 12. b3
{[%clk 0:11:30]} h6 {[%clk 0:15:51]} 13. a4 {[%clk 0:11:32]} g5 {[%clk 0:15:51]}
14. h4 {[%clk 0:10:25]} g4 {[%clk 0:16:00]} 15. Ne1 {[%clk 0:10:34]} Nh5
{[%clk 0:14:25]} 16. e3 {[%clk 0:10:23]} e5 {[%clk 0:14:32]} 17. dxe5
{[%clk 0:07:15]} dxe5 {[%clk 0:14:37]} 18. Ba3 {[%clk 0:07:23]} Re8
{[%clk 0:14:04]} 19. Rbc1 {[%clk 0:06:27]} Ne6 {[%clk 0:11:04]} 20. Bd6
{[%clk 0:05:36]} Nc5 {[%clk 0:08:45]} 21. Rb1 {[%clk 0:04:15]} f4
{[%clk 0:08:48]} 22. Kh2 {[%clk 0:02:21]} f3 {[%clk 0:06:25]} 23. Bxc5
{[%clk 0:01:08]} bxc5 {[%clk 0:06:30]} 24. Bf1 {[%clk 0:01:04]} e4
{[%clk 0:06:38]} 25. Nxe4 {[%clk 0:01:13]} Rxe4 {[%clk 0:06:22]} 26. Rd8+
{[%clk 0:01:01]} Kf7 {[%clk 0:06:24]} 27. Bd3 {[%clk 0:00:58]} Re7
{[%clk 0:06:08]} 28. Rd1 {[%clk 0:00:35]} Nf6 {[%clk 0:06:08]} 29. h5
{[%clk 0:00:35]} Nxh5 {[%clk 0:06:11]} 30. Bf5 {[%clk 0:00:44]} Bxf5
{[%clk 0:06:04]} 31. Rxa8 {[%clk 0:00:53]} Bc3 {[%clk 0:05:54]} 32. Kg1
{[%clk 0:00:28]} Nf6 {[%clk 0:05:51]} 33. Rc1 {[%clk 0:00:21]} Bd2 34. Rd1 Rd7
{[%clk 0:04:42]} 35. Kf1 {[%clk 0:00:31]} Ne4 {[%clk 0:04:39]} 36. Rh8
{[%clk 0:00:32]} Nc3 37. Ra1 Kg7 {[%clk 0:04:40]} 38. Rb8 {[%clk 0:00:50]} Ne4
{[%clk 0:04:25]} 39. Rd1 {[%clk 0:00:59]} Nc3 40. Ra1 Bxe1 {[%clk 0:04:10]} 41.
Kxe1 {[%clk 0:01:11]} Bc2 {[%clk 0:04:17]} 42. a5 {[%clk 0:00:41]} Nb1
{[%clk 0:04:25]} 0-1

[Event "Team Championship of Russia (rapid)"]
[Site "Sochi"]
[Date "2015.05.08"]
[Round "2.23"]
[White "Khoroshilov, Nikita"]
[Black "Alikulov, Elbek"]
[Result "1-0"]
[LiveChessVersion "1.4.4"]
[BlackElo "2357"]
[WhiteElo "2283"]
[BlackTeam "Academy Glek"]
[WhiteTeam "SHK Rakita"]

1. Nf3 {[%clk 0:15:17]} Nf6 {[%clk 0:15:10]} 2. d3 {[%clk 0:15:15]} g6
{[%clk 0:15:13]} 3. e4 {[%clk 0:15:17]} d6 {[%clk 0:15:18]} 4. g3
{[%clk 0:15:25]} Bg7 {[%clk 0:15:26]} 5. Bg2 {[%clk 0:15:34]} O-O
{[%clk 0:15:33]} 6. O-O {[%clk 0:15:42]} c5 {[%clk 0:15:40]} 7. Re1
{[%clk 0:15:45]} Nc6 {[%clk 0:15:49]} 8. c3 {[%clk 0:15:54]} e5 {[%clk 0:15:46]}
9. a3 {[%clk 0:16:01]} h6 {[%clk 0:15:40]} 10. b4 {[%clk 0:16:08]} Be6
{[%clk 0:14:56]} 11. Nbd2 {[%clk 0:16:16]} Qd7 {[%clk 0:14:26]} 12. Bb2
{[%clk 0:16:25]} Bh3 {[%clk 0:14:17]} 13. Bh1 {[%clk 0:13:41]} Nh5
{[%clk 0:13:05]} 14. b5 {[%clk 0:13:21]} Ne7 {[%clk 0:12:22]} 15. c4
{[%clk 0:13:24]} f5 {[%clk 0:12:04]} 16. exf5 {[%clk 0:13:17]} Nxf5
{[%clk 0:10:55]} 17. Ne4 {[%clk 0:12:42]} Nd4 {[%clk 0:09:52]} 18. Bxd4
{[%clk 0:11:57]} exd4 {[%clk 0:09:46]} 19. Nh4 {[%clk 0:11:07]} Kh7
{[%clk 0:09:45]} 20. f4 {[%clk 0:10:48]} Nf6 {[%clk 0:08:02]} 21. Nf2
{[%clk 0:10:42]} Be6 {[%clk 0:07:37]} 22. Bxb7 {[%clk 0:09:20]} Rad8
{[%clk 0:07:15]} 23. Bc6 {[%clk 0:09:05]} Qf7 {[%clk 0:07:24]} 24. Qe2
{[%clk 0:06:48]} Bc8 {[%clk 0:07:06]} 25. Qe7 {[%clk 0:06:15]} g5
{[%clk 0:05:52]} 26. fxg5 {[%clk 0:03:55]} hxg5 {[%clk 0:06:01]} 27. Qxf7
{[%clk 0:03:55]} Rxf7 {[%clk 0:06:09]} 28. Nf3 {[%clk 0:04:02]} Bh6
{[%clk 0:06:11]} 29. Ne4 {[%clk 0:03:58]} Nxe4 {[%clk 0:05:58]} 30. Bxe4+
{[%clk 0:04:07]} Kg7 {[%clk 0:05:59]} 31. Bd5 {[%clk 0:04:10]} Rc7
{[%clk 0:05:48]} 32. Nd2 {[%clk 0:03:32]} g4 {[%clk 0:05:27]} 33. Ne4
{[%clk 0:03:40]} Bf5 {[%clk 0:05:04]} 34. Kg2 {[%clk 0:03:37]} Kg6
{[%clk 0:04:55]} 35. a4 {[%clk 0:03:42]} Rh7 {[%clk 0:01:59]} 36. a5
{[%clk 0:02:58]} Rdh8 {[%clk 0:01:35]} 37. Rh1 {[%clk 0:02:51]} Be3
{[%clk 0:01:12]} 38. b6 {[%clk 0:02:29]} axb6 {[%clk 0:00:54]} 39. axb6
{[%clk 0:02:37]} Rb8 {[%clk 0:00:43]} 40. Ra6 {[%clk 0:01:52]} Bc8
{[%clk 0:00:36]} 41. b7 {[%clk 0:01:30]} Bxb7 {[%clk 0:00:25]} 42. Rxd6+
{[%clk 0:01:35]} Kg7 {[%clk 0:00:30]} 43. Rb1 {[%clk 0:01:02]} Kh8
{[%clk 0:00:11]} 44. Rdb6 {[%clk 0:00:53]} Bxd5 {[%clk 0:00:16]} 45. Rxb8+
{[%clk 0:01:02]} Bg8 {[%clk 0:00:25]} 46. Rxg8+ {[%clk 0:01:07]} Kxg8
{[%clk 0:00:33]} 47. Nf6+ {[%clk 0:01:16]} Kg7 {[%clk 0:00:40]} 48. Nxh7
{[%clk 0:01:23]} 1-0